LEADER 01096namaa2200277 i 4500 001 000000178653 003 CaOOAMICUS 005 20260410120351.0 007 tu 008 260410s1936 it 000 u ita r 040 $aPUL$bita$erda 100 1 $aRicca Salerno, Paolo,$d1889 ? 1951,$eautore.$0(OLS)http://pul/name/114960 245 10$aContributo alla teoria economica della finanza /$cPaolo Ricca Salerno. 264 1$aMilano :$bGiuffrè,$c1936. 300 $a151 pagine ;$c24 cm 336 $atesto$btxt$2rdacontent 337 $asenza mediazione$bn$2rdamedia 338 $avolume$bnc$2rdacarrier 504 $aBibliografia in nota a piè pagina. 650 4$aEconomia$xTeorie$ySec. XX.$0(OLS)http://pul/subject/11803 850 $aPUL 852 $aPUL$W1$xDP1 Fondo Benedetti Carloni$y126$m3 B 1$j162799$qFondi$B207820$CPULBib$Z2$F207820 $HBen118 $82 941 1 $a1 996 $6245$aContributo alla teoria economica della finanza$9(OLS)http://pul/title/220230 996 $6264$aMilano :$bGiuffrè$9(OLS)http://pul/publisher/48401